[Event "Défi"]
[Site "www.echecsemail.com"]
[Date "2026.02.02"]
[Round "1"]
[White "Calcedoine"]
[Black "Petitlulu64"]
[WhiteElo "1830"]
[BlackElo "1710"]
[Result "0-1"]
1.c3 e5
2.e4 Nb8c6
3.d4 d6
4.d5 Nc6e7
5.Bf1d3 Ng8f6
6.Ng1f3 c6
7.c4 cxd5
8.cxd5 Ne7g6
9.Nb1c3 Bf8e7
10.h3 O-O
11.g3 Bc8d7
12.h4 Bd7g4
13.Bd3e2 Nf6d7
14.h5 Ng6h8
15.Nf3h2 Bg4xe2
16.Qd1xe2 Be7g5
17.f4 exf4
18.gxf4 Bg5h6
19.Rh1g1 Qd8h4
20.Kd1 Bh6xf4
21.Qe2g2 Qh4xh5
22.Nc3e2 Bf4h6
23.Bc1xh6 Qh5xh6
24.Rg1h1 Nh8g6
25.Nh2f3 Qh6e3
26.Nf3g5 Qe3d3
27.Ke1 h6
28.Ra1d1 Qd3c4
29.Ng5h3 Nd7e5
30.b3 Qc4c2
31.Rd1d2 Ne5d3
32.Rd2xd3 Qc2xd3
33.Rh1g1 Ra8c8
34.Nh3f4 Qd3e3
35.Kd1 Qe3c5
36.Ke1 Qc5b4
37.Kf2 Qb4b6
38.Kg3 Rc8c2
39.Kh2 Qb6e3
40.Kh1 Rc2xa2
41.Nf4xg6 fxg6
42.Rg1e1 Rf8f2
43.Qg2g4 Ra2xe2
44.Re1xe2 Qe3xe2
{ abandon }0-1

[Event "Défi"]
[Site "www.echecsemail.com"]
[Date "2026.02.02"]
[Round "1"]
[White "Khamis"]
[Black "Den"]
[WhiteElo "1920"]
[BlackElo "1890"]
[Result "1-0"]
1.d4 d5
2.c4 c6
3.cxd5 Qd8xd5
4.Nb1c3 Qd5d8
5.e4 e6
6.Ng1f3 Ng8f6
7.Bc1g5 Bf8e7
8.Bf1e2 O-O
9.O-O Nb8d7
10.Ra1c1 Nf6e8
11.Bg5xe7 Qd8xe7
12.Be2d3 Nd7b6
13.Qd1c2 f5
14.e5 Ne8c7
15.a3 Nb6d5
16.Nc3e2 Qe7e8
17.Nf3d2 Bc8d7
18.Nd2c4 Qe8g6
19.Nc4d6 Ra8b8
20.Qc2d2 Nc7e8
21.Nd6xe8 Rb8xe8
22.Ne2c3 Nd5e7
23.Nc3e2 Qg6f7
24.f4 Re8d8
25.Qd2a5 a6
26.Qa5c7 Bd7c8
27.Qc7a5 Ne7d5
28.Rf1f3 Rd8d7
29.Qa5e1 Rf8d8
30.Ne2c3 Nd5b6
31.Nc3e2 Nb6a8
32.Qe1c3 b5
33.Rf3h3 Bc8b7
34.Qc3b3 c5
35.Rc1xc5 Bb7d5
36.Qb3d1 Qf7e7
37.Ne2c3 Na8b6
38.Qd1h5 g6
39.Qh5h4 Qe7f8
40.Nc3xd5 Nb6xd5
41.Rc5c6 Nd5c7
42.Qh4f2 Qf8e7
43.Qf2c2 Nc7d5
44.Rh3f3 a5
45.Bd3xb5 Nd5c7
46.Bb5a4 Nc7d5
47.Rc6c5 Rd7c7
48.Rc5xc7 Nd5xc7
49.Qc2c5 Qe7f7
50.Rf3c3 Nc7d5
51.Rc3f3 Qf7b7
52.Rf3b3 Qb7f7
53.g3 Kg7
54.Qc5xa5 Rd8c8
55.Qa5d2 Qf7c7
56.Rb3b5 Nd5b6
57.Rb5c5 Qc7a7
58.Rc5xc8 Nb6xc8
59.Ba4b3 Qa7b6
60.Bb3a2 Nc8e7
61.Kg2 Qb6b7
62.Kh3 Kf7
63.b4 Qb7f3
64.a4 Ne7d5
65.Ba2xd5 { abandon }1-0

[Event "Tournoi n27420"]
[Site "www.echecsemail.com"]
[Date "2026.02.02"]
[Round "1"]
[White "Verson"]
[Black "Domenico"]
[WhiteElo "1810"]
[BlackElo "1810"]
[Result "1-0"]
1.d4 d5
2.Ng1f3 Bc8f5
3.e3 Nb8c6
4.c3 e6
5.Bf1b5 Bf8d6
6.Nb1d2 Ng8e7
7.O-O O-O
8.c4 dxc4
9.Bb5xc4 a6
10.h3 b5
11.Bc4b3 Ne7g6
12.e4 Bf5xh3
13.gxh3 Nc6e7
14.e5 Bd6b4
15.a3 Bb4a5
16.Bb3c2 Ng6f4
17.b4 Ba5b6
18.Bc1b2 Nf4xh3
19.Kh2 Nh3f4
20.Rf1g1 Ne7f5
21.Nd2b3 g6
22.Bc2xf5 exf5
23.Nb3c5 a5
24.Qd1d2 axb4
25.axb4 Ra8xa1
26.Rg1xa1 f6
27.Qd2xf4 fxe5
28.Qf4xe5 Qd8a8
29.Ra1xa8 { abandon }1-0

[Event "Michael Tal 30"]
[Site "www.echecsemail.com"]
[Date "2026.02.02"]
[Round "1"]
[White "Karkaskat"]
[Black "Tahar"]
[WhiteElo "2060"]
[BlackElo "1980"]
[Result "0-1"]
1.e4 e5
2.Ng1f3 Ng8f6
3.Nf3xe5 d6
4.Ne5f3 Nf6xe4
5.Qd1e2 Qd8e7
6.d3 Ne4f6
7.Bc1g5 Qe7xe2
8.Bf1xe2 Bf8e7
9.Nb1c3 Nb8d7
10.Nc3b5 Be7d8
11.O-O O-O
12.Rf1e1 a6
13.Nb5c3 b5
14.a3 Bc8b7
15.d4 h6
16.Bg5h4 Rf8e8
17.Be2d3 Re8xe1
18.Ra1xe1 Kf8
19.Nc3e4 Nf6xe4
20.Bd3xe4 Bb7xe4
21.Re1xe4 Bd8xh4
22.Nf3xh4 Ra8e8
23.Re4e3 Nd7f6
24.Nh4f5 Re8xe3
25.fxe3 Nf6e4
26.Kf1 Ne4d2
27.Ke2 Nd2c4
28.b3 Nc4xa3
29.Kd2 b4
30.Nf5g3 Ke7
31.h4 g6
32.Ng3e2 g5
33.hxg5 hxg5
34.g4 d5
35.Ne2c1 f5
36.gxf5 Kf6
37.Nc1d3 a5
38.Nd3e1 Kxf5
39.Ke2 g4
40.Kf2 Ke4
{ abandon }0-1

[Event "Défi"]
[Site "www.echecsemail.com"]
[Date "2026.02.02"]
[Round "1"]
[White "Augustin"]
[Black "Fr7d"]
[WhiteElo "1510"]
[BlackElo "1650"]
[Result "0-1"]
1.e4 e5
2.Ng1f3 d6
3.Bf1c4 Ng8f6
4.Nb1c3 Bc8e6
5.Qd1e2 Be6xc4
6.Qe2xc4 Nb8c6
7.Nc3d5 Nf6xd5
8.exd5 Nc6e7
9.d4 Ne7g6
10.Nf3g5 Bf8e7
11.dxe5 Be7xg5
12.Bc1xg5 Qd8xg5
13.O-O Ng6xe5
14.Rf1e1 O-O
15.Qc4e2 f5
16.g3 f4
17.h4 Qg5g6
18.c4 f3
19.Qe2d2 Ra8e8
20.Re1e3 Ne5xc4
21.Qd2c3 Nc4xe3
22.fxe3 Qg6xg3
23.Kf1 Qg3g2
24.Ke1 f2
{ abandon }0-1

[Event "Défi"]
[Site "www.echecsemail.com"]
[Date "2026.02.02"]
[Round "1"]
[White "Linselleschti"]
[Black "Petain"]
[WhiteElo "1590"]
[BlackElo "1750"]
[Result "1-0"]
1.d4 d5
2.c4 dxc4
3.Nb1c3 a6
4.e3 b5
5.g3 c6
6.Bf1g2 e6
7.Ng1e2 Ng8f6
8.O-O Bf8e7
9.Nc3e4 Nb8d7
10.b3 Nd7b6
11.Bc1b2 h6
12.Ne4xf6 Be7xf6
13.Bg2xc6 Bc8d7
14.Bc6xa8 Qd8xa8
15.Bb2a3 a5
16.b4 a4
17.f3 Nb6d5
18.Qd1d2 O-O
19.e4 Nd5b6
20.Kh1 Qa8b8
21.Rf1g1 Bf6g5
22.f4 Bg5e7
23.g4 Bd7c6
24.Qd2e3 Qb8b7
25.Ne2g3 Be7h4
26.Rg1e1 Bh4xg3
27.hxg3 f5
28.gxf5 exf5
29.d5 Bc6d7
30.Ba3b2 Bd7c8
31.Qe3c3 Rf8f7
32.Ra1d1 fxe4
33.Re1xe4 Nb6xd5
34.Qc3e1 Nd5f6
35.Bb2xf6 Rf7xf6
36.Kh2 Kh7
37.Re4e7 Qb7b6
38.Qe1g1 Qb6c6
39.Qg1c5 Qc6b7
40.Qc5e5 Qb7b6
41.Rd1d5 Qb6f2
42.Kh1 Bc8h3
43.Qe5e4 Kg8
44.Rd5d8 Rf6f8
45.Qe4d5 Kh7
46.Rd8xf8 c3
47.Qd5e4 Bh3f5
48.Qe4xf5 1-0

[Event "Tournoi n27429"]
[Site "www.echecsemail.com"]
[Date "2026.02.02"]
[Round "1"]
[White "Wenoketo"]
[Black "Voyageur"]
[WhiteElo "1680"]
[BlackElo "1660"]
[Result "1-0"]
1.d4 g6
2.Ng1f3 b6
3.Bc1f4 Bf8g7
4.e3 Bc8b7
5.Nb1d2 d6
6.Bf1e2 Nb8d7
7.O-O Ng8f6
8.h3 O-O
9.a3 c5
10.dxc5 Nd7xc5
11.Ra1b1 Ra8c8
12.c3 a6
13.Bf4h2 b5
14.Rb1c1 e6
15.Nd2b3 d5
16.Nb3xc5 Rc8xc5
17.Bh2e5 Nf6e4
18.Be5xg7 Kxg7
19.Nf3d2 Ne4xd2
20.Qd1xd2 f6
21.Be2f3 e5
22.Rc1d1 e4
23.Bf3xe4 f5
24.Be4f3 Qd8d7
25.Qd2d4 Kg8
26.Qd4xc5 { abandon }1-0

[Event "Tournoi n27416"]
[Site "www.echecsemail.com"]
[Date "2026.02.02"]
[Round "1"]
[White "Verson"]
[Black "Domenico"]
[WhiteElo "1840"]
[BlackElo "1790"]
[Result "0-1"]
1.d4 d5
2.Ng1f3 Bc8f5
3.e3 e6
4.c4 Bf8b4
5.Nb1c3 Nb8c6
6.Qd1a4 Bb4xc3
7.bxc3 dxc4
8.Bf1xc4 Ng8e7
9.O-O O-O
10.h3 a6
11.Qa4d1 b5
12.Bc4d3 Qd8d6
13.e4 Bf5g6
14.Bc1b2 Qd6d7
15.Nf3h4 f6
16.Nh4xg6 Ne7xg6
17.Qd1f3 Nc6e7
18.Ra1d1 c6
19.c4 bxc4
20.Bd3xc4 Kh8
21.e5 fxe5
22.Qf3g4 Ne7f5
23.dxe5 Qd7e7
24.f4 Nf5h4
25.Rd1d6 Qe7a7
26.Bb2d4 Qa7b7
27.Bc4b3 a5
28.Rd6xe6 c5
29.Bd4f2 Rf8xf4
30.Qg4g3 Ra8f8
31.Bb3c4 Rf4xc4
32.Qg3h2 Qb7d5
33.Re6d6 Qd5e4
34.Rd6d1 Rc4c2
35.Bf2xh4 Qe4xh4
36.Rf1xf8 Ng6xf8
37.e6 Rc2d2
38.Rd1f1 Qh4d4
39.Kh1 Rd2d1
40.Rf1xd1 Qd4xd1
41.Qh2g1 Qd1xg1
42.Kxg1 Nf8xe6
43.Kf2 c4
{ abandon }0-1

[Event "DOUKIPUDONKTAN"]
[Site "www.echecsemail.com"]
[Date "2026.02.02"]
[Round "1"]
[White "Petitlulu64"]
[Black "Mindthegap"]
[WhiteElo "1690"]
[BlackElo "1460"]
[Result "1-0"]
1.e4 e5
2.Ng1f3 Ng8f6
3.Nf3xe5 d6
4.Ne5f3 Nf6xe4
5.Qd1e2 Qd8e7
6.d3 Ne4f6
7.Bc1e3 Nf6d5
8.Nb1c3 Nd5xc3
9.bxc3 Nb8c6
10.g3 g6
11.Bf1g2 Bf8g7
12.O-O Bg7xc3
13.Ra1b1 O-O
14.Rf1e1 Bc3xe1
15.Rb1xe1 Bc8g4
16.Be3f4 Qe7xe2
17.Re1xe2 Bg4xf3
18.Bg2xf3 Nc6d4
19.Re2e3 Nd4xc2
20.Re3e4 Ra8e8
21.Re4c4 Nc2e1
22.Bf3xb7 Ne1f3
23.Bb7xf3 Re8e1
24.Kg2 Re1a1
25.Rc4xc7 Ra1xa2
26.Bf4xd6 { abandon }1-0

[Event "Tournoi n27404"]
[Site "www.echecsemail.com"]
[Date "2026.02.02"]
[Round "1"]
[White "Hermite"]
[Black "Aramis"]
[WhiteElo "1530"]
[BlackElo "1570"]
[Result "0-1"]
1.e4 e5
2.Ng1f3 d6
3.Bf1e2 Ng8f6
4.O-O Nf6xe4
5.d3 Ne4c5
6.Bc1e3 Nc5e6
7.Nb1d2 Bf8e7
8.c3 O-O
9.d4 exd4
10.cxd4 c6
11.Qd1b3 Nb8d7
12.Be2c4 d5
13.Bc4d3 Nd7f6
14.Qb3c2 Rf8e8
15.Nf3e5 Ne6f8
16.Be3g5 Nf6h5
17.Bg5e3 Be7g5
18.f4 Bg5f6
19.Bd3e2 g6
20.Be2xh5 gxh5
21.Nd2f3 Bf6g7
22.Qc2e2 Bc8g4
23.Qe2d3 Bg4xf3
24.Rf1xf3 Qd8e7
25.Rf3h3 f6
26.Ne5f3 Qe7xe3
27.Qd3xe3 Re8xe3
28.Rh3g3 Nf8g6
29.f5 Ng6f4
30.Ra1e1 Re3xe1
31.Nf3xe1 Ra8e8
32.Kf1 Kf7
33.Ne1f3 b5
34.h3 Nf4e2
35.Nf3e5 fxe5
36.Kxe2 exd4
37.Kf2 Kf6
38.Rg3f3 Re8e3
39.Rf3f4 Re3e4
40.Rf4f3 a5
41.Kf1 c5
42.Rf3g3 Re4f4
43.Ke2 Rf4xf5
44.Kd3 Bg7h6
45.b3 Kf7
46.a3 Bh6e3
47.b4 axb4
48.axb4 cxb4
49.Kc2 Rf5f6
50.Kb3 Be3d2
51.Kc2 Bd2c3
52.Rg3d3 Rf6f2
53.Kc1 Rf2xg2
54.Rd3f3 Ke6
55.Rf3f8 Rg2h2
56.Rf8b8 b3
57.Rb8xb5 b2
{ abandon }0-1

[Event "FARSCHWILLER"]
[Site "www.echecsemail.com"]
[Date "2026.02.02"]
[Round "1"]
[White "4x4"]
[Black "Katastrofic"]
[WhiteElo "1490"]
[BlackElo "1460"]
[Result "0-1"]
1.e4 e5
2.Ng1f3 Ng8f6
3.Nf3xe5 d6
4.Ne5f3 Nf6xe4
5.d4 d5
6.Bf1d3 Bf8e7
7.O-O O-O
8.Nb1d2 Ne4f6
9.c3 h6
10.b3 c6
11.Bc1b2 Be7d6
12.g3 Bc8g4
13.Kg2 Qd8d7
14.h3 Bg4xh3
15.Kg1 Bh3xf1
16.Bd3xf1 Qd7e6
17.Bf1g2 b6
18.Qd1c2 Nb8d7
19.Ra1e1 Qe6g4
20.c4 Rf8e8
21.Kf1 Re8xe1
22.Kxe1 Ra8e8
23.Kd1 Nf6e4
24.Nd2xe4 dxe4
25.Bb2c1 exf3
26.Bg2f1 Qg4xd4
27.Bc1d2 Qd4xf2
28.Bf1d3 Qf2g1
29.Bd2e1 Qg1xe1
0-1

[Event "FARSCHWILLER"]
[Site "www.echecsemail.com"]
[Date "2026.02.02"]
[Round "1"]
[White "Katastrofic"]
[Black "Luc20"]
[WhiteElo "1460"]
[BlackElo "1850"]
[Result "0-1"]
1.e4 e5
2.Ng1f3 Ng8f6
3.Nf3xe5 d6
4.Ne5f3 Nf6xe4
5.d4 d5
6.Bf1d3 Bf8e7
7.O-O O-O
8.Nb1d2 f5
9.Nf3e5 Be7f6
10.f3 Ne4g5
11.f4 Ng5e4
12.Nd2xe4 fxe4
13.Bd3e2 Bc8f5
14.c3 Nb8d7
15.Be2g4 Bf6e7
16.Bg4xf5 Rf8xf5
17.Qd1g4 Rf5xe5
18.fxe5 Nd7f8
19.Bc1h6 Nf8g6
20.Rf1f7 Kxf7
21.Ra1f1 Kg8
22.Qg4e6 Kh8
23.Bh6e3 c6
24.g3 Qd8c7
25.Rf1f7 Ra8e8
26.Be3g5 Qc7d8
27.Bg5xe7 Re8xe7
28.Rf7xe7 Qd8xe7
29.Qe6c8 Ng6f8
30.Kf2 g6
31.h3 Kg7
32.Qc8a8 a6
33.Qa8a7 Nf8e6
34.Qa7b6 Qe7c7
35.Qb6xc7 Ne6xc7
36.Ke3 Nc7e6
37.h4 h5
38.b3 Kh6
39.c4 g5
40.c5 Kg6
41.Kf2 Kf5
42.hxg5 Ne6xg5
43.Ke3 Ng5f3
44.a3 Nf3e1
45.Kd2 Ne1d3
46.b4 Nd3b2
{ abandon }0-1

[Event "FARSCHWILLER"]
[Site "www.echecsemail.com"]
[Date "2026.02.02"]
[Round "1"]
[White "4x4"]
[Black "Luc20"]
[WhiteElo "1490"]
[BlackElo "1850"]
[Result "0-1"]
1.e4 e5
2.Ng1f3 Ng8f6
3.Nf3xe5 d6
4.Ne5f3 Nf6xe4
5.d4 d5
6.Bf1d3 Bf8e7
7.O-O O-O
8.Nb1d2 Bc8g4
9.Nd2xe4 dxe4
10.Bd3xe4 c6
11.h3 Bg4h5
12.g4 Bh5g6
13.Rf1e1 Nb8d7
14.Nf3h2 Rf8e8
15.Be4xg6 hxg6
16.c3 Nd7f6
17.Bc1g5 Qd8d5
18.Nh2f1 Qd5xg5
19.Nf1g3 Be7d6
20.Kg2 Re8xe1
21.Qd1xe1 Ra8e8
22.Qe1f1 Qg5f4
23.Ra1e1 Kf8
24.Re1xe8 Kxe8
25.Ng3e2 Qf4h2
26.Kf3 g5
27.Ke3 Nf6d5
28.Kd3 f6
29.Kc4 b5
30.Kb3 a5
31.Qf1e1 Kf7
32.a4 b4
33.c4 Nd5f4
34.Ne2xf4 Qh2xf4
35.Qe1e3 Qf4h2
36.d5 cxd5
37.cxd5 Qh2f4
38.Qe3xf4 Bd6xf4
39.Kc4 Ke7
40.b3 Bf4c7
41.Kc5 Kd7
42.Kb5 Kd6
43.Ka6 Kxd5
44.Kb7 Kd6
45.f3 Kd7
46.f4 gxf4
47.Ka6 g5
48.Kb5 f3
{ abandon }0-1

[Event "FARSCHWILLER"]
[Site "www.echecsemail.com"]
[Date "2026.02.02"]
[Round "1"]
[White "Luc20"]
[Black "4x4"]
[WhiteElo "1850"]
[BlackElo "1490"]
[Result "1-0"]
1.e4 e5
2.Ng1f3 Ng8f6
3.Nf3xe5 d6
4.Ne5f3 Nf6xe4
5.d4 d5
6.Bf1d3 Bf8e7
7.O-O O-O
8.Rf1e1 c6
9.Nb1c3 f5
10.Bc1f4 Nb8d7
11.Nf3e5 Nd7xe5
12.Bf4xe5 Be7d6
13.Be5xd6 Qd8xd6
14.Nc3xe4 fxe4
15.Bd3e2 g6
16.b3 Bc8e6
17.Qd1d2 Rf8f7
18.c4 Ra8f8
19.Re1f1 h5
20.Qd2g5 Be6f5
21.Be2xh5 Rf7g7
22.Bh5g4 Bf5xg4
23.Qg5xg4 Qd6f4
24.Qg4xf4 Rf8xf4
25.g3 Rf4f3
26.Ra1c1 g5
27.Rf1d1 g4
28.Rd1d2 Kf8
29.cxd5 cxd5
30.Rc1c8 Kf7
31.Rc8c7 Kf6
32.Rc7xg7 Kxg7
33.Kg2 Rf3c3
34.h3 gxh3
35.Kxh3 b5
36.Kg4 a5
37.Kf4 Rc3d3
38.Rd2xd3 exd3
39.Ke3 Kf6
40.Kxd3 Kf5
41.f3 Kg5
42.Ke3 Kf5
43.g4 Kg5
44.Kf2 Kf4
45.a3 b4
46.a4 Kg5
47.Kg3 Kf6
48.Kf4 Ke6
49.Kg5 Kf7
50.Kf5 Ke7
51.Ke5 Kf7
52.Kxd5 Ke7
53.Kc6 Ke6
54.d5 { abandon }1-0

[Event "2601"]
[Site "www.echecsemail.com"]
[Date "2026.02.02"]
[Round "1"]
[White "4x4"]
[Black "Qsdmlk"]
[WhiteElo "1470"]
[BlackElo "1510"]
[Result "0-1"]
1.e4 Nb8c6
2.d3 Ng8f6
3.Bf1e2 e6
4.Nb1c3 Bf8b4
5.Bc1d2 O-O
6.a3 Bb4a5
7.b4 Ba5b6
8.Bd2e3 Bb6xe3
9.fxe3 b6
10.Nc3b5 a6
11.Nb5d4 e5
12.Nd4xc6 dxc6
13.c4 b5
14.c5 Bc8e6
15.Qd1d2 Qd8d7
16.O-O-O Be6b3
17.Rd1f1 a5
18.Be2d1 a4
19.Bd1c2 Qd7e6
20.Ng1e2 Ra8d8
21.Kd1 Nf6xe4
22.Qd2c1 Rd8xd3
23.Ke1 Bb3xc2
24.Qc1xc2 Rf8d8
25.Rf1f3 Rd3d2
26.Qc2xe4 Rd2d1
27.Kf2 Rd1xh1
28.h3 Rd8d2
29.g4 Qe6a2
30.Qe4xc6 Rd2xe2
31.Kg3 g5
32.Qc6e8 Kg7
33.Qe8xf7 Qa2xf7
34.Rf3xf7 Kxf7
35.Kf3 Rh1h2
36.Ke4 Ke6
37.Kd3 Re2a2
38.Ke4 Ra2xa3
39.h4 Rh2h3
40.hxg5 Rh3xe3
0-1

[Event "Tournoi n27407"]
[Site "www.echecsemail.com"]
[Date "2026.02.02"]
[Round "1"]
[White "Legrillon"]
[Black "Zadkine1"]
[WhiteElo "1750"]
[BlackElo "1700"]
[Result "1-0"]
1.e4 e5
2.Ng1f3 Nb8c6
3.Bf1b5 Ng8e7
4.Nb1c3 d6
5.h3 a6
6.Bb5xc6 Ne7xc6
7.O-O Bf8e7
8.d3 O-O
9.Nc3d5 Nc6d4
10.Nf3xd4 exd4
11.c3 dxc3
12.bxc3 c6
13.Nd5e3 d5
14.exd5 cxd5
15.d4 Qd8d6
16.Qd1f3 Bc8d7
17.Ne3xd5 Bd7c6
18.c4 b5
19.Rf1e1 bxc4
20.Nd5xe7 Kh8
21.Ne7xc6 { abandon }1-0

[Event "CHATURANGA"]
[Site "www.echecsemail.com"]
[Date "2026.02.02"]
[Round "1"]
[White "4x4"]
[Black "Mindthegap"]
[WhiteElo "1450"]
[BlackElo "1460"]
[Result "1-0"]
1.e4 e5
2.Ng1f3 Ng8f6
3.Bf1c4 Nf6xe4
4.d3 Ne4c5
5.Nf3g5 d5
6.Bc4b5 c6
7.Bb5xc6 bxc6
8.Qd1f3 Qd8f6
9.Qf3xf6 gxf6
10.Ng5f3 Bc8g4
11.Nb1d2 Rh8g8
12.h3 Bg4xf3
13.Nd2xf3 Nb8d7
14.Bc1d2 Rg8xg2
15.Bd2b4 e4
16.dxe4 Nc5xe4
17.Bb4xf8 Rg2xf2
18.O-O-O Rf2xf3
19.Bf8b4 Ne4f2
20.Rh1g1 Nf2xd1
21.Rg1g8 Nd7f8
22.Rg8xf8 Kd7
23.Rf8xa8 Nd1c3
24.Bb4xc3 Rf3f1
25.Kd2 Rf1f2
26.Kd3 Rf2f3
27.Kd4 Ke6
28.Ra8xa7 Rf3f4
29.Kc5 Rf4c4
30.Kb6 Rc4h4
31.Ra7c7 d4
32.Rc7xc6 Kd5
33.Rc6c5 { abandon }1-0

[Event "Défi"]
[Site "www.echecsemail.com"]
[Date "2026.02.02"]
[Round "1"]
[White "Chomi64"]
[Black "Kaspy"]
[WhiteElo "1850"]
[BlackElo "1830"]
[Result "1-0"]
1.d4 d5
2.Ng1f3 Nb8c6
3.Bc1g5 h6
4.Bg5h4 Bc8f5
5.a3 Ng8f6
6.e3 e6
7.Nf3e5 Bf8e7
8.Ne5xc6 bxc6
9.Nb1c3 O-O
10.Bf1d3 Nf6d7
11.Bh4xe7 Qd8xe7
12.O-O Qe7g5
13.Qd1f3 Bf5xd3
14.cxd3 c5
15.dxc5 Nd7xc5
16.d4 Nc5b3
17.Ra1d1 c5
18.dxc5 Nb3xc5
19.Rd1d4 f5
20.Nc3xd5 exd5
21.Qf3xd5 Kh8
22.Qd5xc5 Qg5f6
23.Qc5d6 Qf6xd6
24.Rd4xd6 Ra8c8
25.Rd6d2 Rc8c7
26.Rf1d1 Rf8c8
27.Kf1 Kh7
28.Ke2 Rc7c2
29.Rd2xc2 Rc8xc2
30.Rd1d2 Rc2c6
31.Kd1 Kg6
32.Rd2d7 a6
33.Kd2 Kf6
34.b4 g5
35.f3 Ke5
36.Rd7d3 h5
37.Rd3d8 f4
38.e4 Rc6b6
39.Rd8d5 Kf6
40.Kd3 Rb6c6
41.h4 g4
42.Rd5xh5 Rc6c1
43.Rh5f5 { abandon }1-0

[Event "Défi( 10J+24H/c 10J Max )"]
[Site "www.echecsemail.com"]
[Date "2026.02.02"]
[Round "1"]
[White "Geantvert"]
[Black "Titit1"]
[WhiteElo "1850"]
[BlackElo "1460"]
[Result "1-0"]
1.c4 Ng8f6
2.Nb1c3 Nb8c6
3.d4 e6
4.e4 Bf8b4
5.Qd1d3 O-O
6.f4 a6
7.a3 Bb4e7
8.b4 b6
9.Ng1f3 Bc8b7
10.d5 exd5
11.exd5 Nc6b8
12.Bf1e2 d6
13.O-O c6
14.Nf3g5 h6
15.Ng5e4 c5
16.Bc1e3 Nb8d7
17.Ne4xf6 Nd7xf6
18.Nc3e4 Qd8d7
19.Ra1e1 Nf6xe4
20.Qd3xe4 Rf8e8
21.Qe4c2 Be7f6
22.Be3d2 Re8e7
23.Be2d1 b5
24.Bd2c3 bxc4
25.Bc3xf6 gxf6
26.Qc2xc4 Ra8e8
27.Re1xe7 Re8xe7
28.bxc5 dxc5
29.Qc4xc5 Re7e8
30.Qc5d4 Kg7
31.Bd1a4 Qd7c8
32.Ba4xe8 Qc8xe8
33.Kf2 Qe8b5
34.Rf1d1 Qb5b3
35.Rd1d3 Qb3c2
36.Kg3 Qc2c1
37.Kh4 Qc1e1
38.g3 Qe1h1
39.h3 Kg6
40.f5 Kxf5
41.Qd4g4 Ke5
42.Qg4f4 1-0

[Event "Défi"]
[Site "www.echecsemail.com"]
[Date "2026.02.02"]
[Round "1"]
[White "Jlr"]
[Black "Aigle12"]
[WhiteElo "1340"]
[BlackElo "1450"]
[Result "1-0"]
1.e4 e6
2.Ng1f3 d6
3.d4 Nb8c6
4.d5 exd5
5.Bc1g5 Ng8f6
6.exd5 Nc6e7
7.Nb1c3 h6
8.Bg5xf6 gxf6
9.Qd1d4 Bf8g7
10.Bf1d3 b6
11.Bd3b5 Bc8d7
12.O-O-O O-O
13.a4 a6
14.Bb5d3 f5
15.Qd4e3 Rf8e8
16.h3 b5
17.Nc3b1 bxa4
18.c3 Qd8b8
19.g4 fxg4
20.Nf3d4 Ne7xd5
21.Qe3g3 Qb8b6
22.hxg4 Ra8b8
23.Rd1d2 Qb6c5
24.g5 Bg7xd4
25.gxh6 Bd4g7
26.Qg3xg7 1-0

[Event "Transval 3"]
[Site "www.echecsemail.com"]
[Date "2026.02.02"]
[Round "1"]
[White "Patau"]
[Black "Petitlulu64"]
[WhiteElo "1720"]
[BlackElo "1690"]
[Result "1/2-1/2"]
1.e4 e5
2.Ng1f3 Nb8c6
3.c3 d6
4.d4 exd4
5.cxd4 Bf8e7
6.Nb1c3 Bc8g4
7.Bc1e3 Be7f6
8.Bf1e2 Ng8e7
9.h3 Bg4xf3
10.Be2xf3 O-O
11.O-O Ne7g6
12.Qd1d2 Rf8e8
13.Rf1e1 Ng6h4
14.Nc3d5 Nh4xf3
15.gxf3 Bf6e7
16.Be3f4 Nc6b8
17.Ra1c1 c6
18.Nd5xe7 Re8xe7
19.e5 Re7e6
20.exd6 Nb8d7
21.Re1xe6 fxe6
22.Bf4g5 Qd8f8
23.Qd2f4 Qf8xf4
24.Bg5xf4 Ra8f8
25.Bf4e5 Rf8xf3
26.Rc1c3 Rf3f5
27.Rc3e3 Kf7
28.Kg2 g5
29.Re3f3 Kg6
30.Rf3xf5 exf5
31.Kf3 Kf7
32.h4 Ke6
33.hxg5 b5
34.Kf4 a5
35.f3 b4
36.Ke3 c5
37.f4 Kd5
38.dxc5 Kxc5
39.Kd3 a4
40.b3 Kb5
41.Kd4 axb3
42.axb3 Nd7b6
43.Be5f6 Nb6d7
44.Kd5 Kb6
45.Ke6 Kc6
46.Kxf5 Kxd6
47.g6 hxg6
48.Kxg6 Ke6
49.f5 Kd6
50.Bf6d4 Kd5
51.Bd4g7 Ke4
52.f6 Kd3
53.f7 Kc2
54.f8Q Nd7xf8
55.Bg7xf8 Kxb3
56.Bf8xb4 1/2-1/2

[Event "Défi"]
[Site "www.echecsemail.com"]
[Date "2026.02.02"]
[Round "1"]
[White "Jlr"]
[Black "Mokanne"]
[WhiteElo "1410"]
[BlackElo "1430"]
[Result "1-0"]
1.e4 e5
2.Ng1f3 d6
3.h3 Bf8e7
4.g4 Be7h4
5.c4 Bc8d7
6.d3 c5
7.g5 Bh4xf2
8.Kxf2 f6
9.h4 f5
10.Bf1h3 f4
11.Qd1b3 Bd7c6
12.Nb1c3 Ng8e7
13.Nc3b5 Bc6xb5
14.Qb3xb5 Kf7
15.Qb5xb7 Nb8c6
16.Bc1d2 Ra8b8
17.Qb7a6 Rb8xb2
18.Rh1g1 Qd8b8
19.Ke1 Nc6b4
20.Qa6a3 Nb4a6
21.Qa3xa6 Qb8a8
22.h5 Rh8b8
23.g6 Kg8
24.Bh3e6 Kh8
25.Ke2 Rb2b6
26.Qa6a3 h6
27.Bd2a5 Rb6b2
28.Nf3d2 f3
29.Kxf3 Rb2xd2
30.Ba5xd2 Rb8f8
31.Ke2 Rf8f6
32.Be6d5 Ne7c6
33.Qa3a6 Nc6d4
34.Kd1 Nd4f3
35.Bd5xa8 Rf6f8
36.Rg1f1 Rf8xa8
37.Rf1xf3 Kg8
38.Qa6xd6 { abandon }1-0

[Event "Jean 8"]
[Site "www.echecsemail.com"]
[Date "2026.02.02"]
[Round "1"]
[White "Orosco"]
[Black "Petitlulu64"]
[WhiteElo "2220"]
[BlackElo "1720"]
[Result "1-0"]
1.e4 e5
2.Ng1f3 Nb8c6
3.Bf1b5 Bf8d6
4.d4 exd4
5.O-O Nc6e5
6.Nf3xe5 Bd6xe5
7.f4 Be5d6
8.Qd1xd4 a6
9.Bb5c4 Bd6e7
10.Qd4xg7 Be7f6
11.Qg7xf7 1-0

[Event "Tournoi n27064"]
[Site "www.echecsemail.com"]
[Date "2026.02.02"]
[Round "1"]
[White "Chomi64"]
[Black "Estrafolis"]
[WhiteElo "1710"]
[BlackElo "1660"]
[Result "1-0"]
1.d4 g6
2.e4 Bf8g7
3.f4 e6
4.Ng1f3 Ng8e7
5.Nb1c3 d6
6.Bf1c4 O-O
7.O-O Nb8d7
8.Qd1e1 Nd7b6
9.Bc4b3 Ne7c6
10.Bc1e3 Bc8d7
11.Ra1d1 Nc6b4
12.a3 Nb4c6
13.Qe1g3 Nc6e7
14.Qg3h4 c5
15.dxc5 dxc5
16.Be3xc5 Ne7c6
17.Bc5xf8 Qd8xf8
18.Nc3a4 Ra8d8
19.Na4xb6 axb6
20.c3 Bd7c8
21.Rd1xd8 Qf8xd8
22.Qh4xd8 Nc6xd8
23.Rf1d1 Nd8c6
24.Nf3d4 Bc8d7
25.Nd4xc6 Bd7xc6
26.e5 Bg7h6
27.g3 Bh6f8
28.Kf2 Bf8c5
29.Ke2 h6
30.g4 Kg7
31.h4 g5
32.hxg5 hxg5
33.fxg5 Kg6
34.Rd1f1 Bc6b5
35.c4 Bb5e8
36.Bb3c2 Kxg5
37.Bc2e4 b5
38.Kd3 b6
39.Be4f3 f5
40.gxf5 exf5
41.e6 Be8g6
42.cxb5 Bg6e8
43.Bf3c6 Be8g6
44.Kc4 f4
45.Kd5 Kg4
46.Ke5 f3
47.Rf1xf3 { abandon }1-0

[Event "ZGOUGOU"]
[Site "www.echecsemail.com"]
[Date "2026.02.02"]
[Round "1"]
[White "Mindthegap"]
[Black "Youliyouli"]
[WhiteElo "1440"]
[BlackElo "1870"]
[Result "1-0"]
1.e4 e5
2.Ng1f3 Nb8c6
3.Nb1c3 Ng8f6
4.Bf1c4 Nf6xe4
5.Nc3xe4 d5
6.Bc4d3 dxe4
7.Bd3xe4 Nc6d4
8.Nf3xd4 Qd8xd4
9.f3 Bf8c5
10.Rh1f1 O-O
11.c3 Qd4d6
12.b4 Bc5b6
13.a4 a5
14.Qd1c2 Qd6h6
15.d3 Qh6xh2
16.Qc2e2 Qh2g3
17.Kd1 c6
18.Rf1h1 f5
19.Qe2a2 Kh8
20.Qa2a3 axb4
21.Qa3xb4 Rf8f7
22.Qb4xb6 fxe4
23.Qb6d8 Rf7f8
24.Qd8xf8 1-0

[Event "EKRAVENTUPHILIE"]
[Site "www.echecsemail.com"]
[Date "2026.02.02"]
[Round "1"]
[White "Luc20"]
[Black "Mindthegap"]
[WhiteElo "1810"]
[BlackElo "1440"]
[Result "1-0"]
1.e4 e5
2.Ng1f3 Ng8f6
3.Nf3xe5 d6
4.Ne5f3 Nf6xe4
5.d4 d5
6.c3 Bf8d6
7.Bc1g5 Ne4xg5
8.Nb1d2 Ng5e6
9.Nd2b3 O-O
10.Bf1d3 Nb8d7
11.O-O g6
12.Rf1e1 Nd7f6
13.Qd1c2 Ne6g5
14.Nf3xg5 Nf6h5
15.Ng5f3 Bc8g4
16.Nf3e5 Qd8h4
17.Ne5xg4 Qh4xg4
18.Bd3e2 Qg4f4
19.g3 Nh5xg3
20.hxg3 Qf4h6
21.Qc2d2 Qh6h3
22.Be2f3 Bd6xg3
23.fxg3 Qh3xg3
24.Qd2g2 Qg3xg2
25.Kxg2 { abandon }1-0

[Event "EKRAVENTUPHILIE"]
[Site "www.echecsemail.com"]
[Date "2026.02.02"]
[Round "1"]
[White "4x4"]
[Black "Luc20"]
[WhiteElo "1480"]
[BlackElo "1810"]
[Result "0-1"]
1.e4 e5
2.Ng1f3 Ng8f6
3.Nf3xe5 d6
4.Ne5f3 Nf6xe4
5.d4 Bc8g4
6.Bf1e2 Nb8d7
7.Bc1e3 Nd7f6
8.Nb1d2 d5
9.Nf3e5 Bg4xe2
10.Qd1xe2 c6
11.O-O-O Bf8b4
12.c3 Bb4a5
13.f3 Ne4xd2
14.Qe2xd2 O-O
15.b4 Ba5c7
16.f4 Nf6e4
17.Qd2c2 Rf8e8
18.g4 b5
19.Ne5xc6 Qd8d7
20.Nc6e5 Qd7xg4
21.Rh1g1 Qg4h3
22.Rg1g2 Qh3xe3
23.Kb2 Qe3xf4
24.Kb3 Bc7xe5
25.dxe5 Qf4xe5
26.Rg2e2 Ra8c8
27.a3 Rc8xc3
28.Qc2xc3 Ne4xc3
29.Re2xe5 Re8xe5
30.Kxc3 Kf8
31.Kd4 Re5e2
32.Kxd5 Re2xh2
33.Kc5 Rh2a2
34.Rd1d3 Ra2c2
35.Kxb5 h5
36.a4 h4
37.Ka6 Rc2c7
38.a5 g5
39.b5 Rc7e7
40.Rd3d8 Kg7
41.b6 axb6
42.axb6 f5
43.b7 Re7xb7
44.Kxb7 h3
45.Rd8d6 g4
46.Rd6d5 Kf6
47.Kc6 h2
48.Rd5d6 Kg5
49.Rd6d2 h1Q
50.Kd6 g3
51.Rd2d3 f4
52.Ke5 g2
53.Rd3f3 Qh1e1
54.Kd4 g1Q
55.Kd5 Qe1d1
56.Ke5 Qd1xf3
{ abandon }0-1

[Event "Tournoi n27433"]
[Site "www.echecsemail.com"]
[Date "2026.02.02"]
[Round "1"]
[White "Carpediem50"]
[Black "Tiounet"]
[WhiteElo "1410"]
[BlackElo "1580"]
[Result "0-1"]
1.e4 a6
2.Ng1f3 b5
3.b4 Bc8b7
4.Bf1d3 Ng8f6
5.Nb1c3 e6
6.O-O Nb8c6
7.Bc1a3 Nc6xb4
8.e5 Nf6g4
9.Ba3xb4 Bf8xb4
10.a3 Bb4xc3
11.dxc3 O-O
12.c4 bxc4
13.Bd3xc4 Ng4h6
14.a4 Nh6f5
15.g3 c5
16.a5 Qd8c7
17.Ra1b1 Bb7xf3
18.Qd1xf3 Qc7xe5
19.Rf1e1 Qe5d4
20.Qf3d3 Qd4xd3
21.cxd3 d5
22.Bc4b3 Nf5d4
23.Bb3a4 Nd4f3
{ abandon }0-1